| 000 | 01027nam a22003137a 4500 | ||
|---|---|---|---|
| 001 | BR0003584 | ||
| 003 | BR-BrBNA | ||
| 005 | 20230928100736.0 | ||
| 007 | ta | ||
| 008 | 230509b bl.||||| |||| 00| 0 por d | ||
| 040 |
_aBR-BrBNA _bpor _cBiblioteca Nacional de Agricultura |
||
| 041 | _a(Por) | ||
| 072 |
_aK10 _b8915 |
||
| 090 | _ 8915 BR0003584 | ||
| 100 | 1 | _aMachado, J.A.R. | |
| 110 | 1 |
_aEscola Superior de Agricultura Luiz de Queiroz, Piracicaba, SP (Brasil) _0Tese (Mestre em Ciencias) |
|
| 245 | 1 | _aA viabilidade economica dos reflorestamentos com essencias nativas brasileiras para a producao de toras - o caso do Estado de Sao Paulo | |
| 260 | 3 |
_aPiracicaba, SP (Brasil): _c2000. |
|
| 300 | _a186 p. | ||
| 500 | _aSummaries (Eng, Por); Bibliography p. 70-82; 63 tables | ||
| 650 | _aTora | ||
| 650 | _aReflorestamento | ||
| 650 | _aEssencia Florestal | ||
| 650 | _aProducao Florestal | ||
| 650 | _aEconomia Florestal | ||
| 650 | _aSao Paulo | ||
| 909 |
_a202309 _bLucia _c55 _dLucia Elande |
||
| 942 | _cBK | ||
| 999 |
_c62588 _d62588 |
||